Africa. / El arca de Noé.

Guardado en:
Autor Principal: Nuño, Sergio
Formato: Deslizar
Series:La tierra en que vivimos
Materias:
Etiquetas: Agregar Etiqueta
Sin Etiquetas, Sea el primero en etiquetar este registro!
LEADER 00919ngm a22002655g 4500
001 CEM.cems021432
008 130507b1992##################0###0#####d
005 20240823133333.0
245 1 0 |a Africa. /  |c Sergio Nuño :  |b El arca de Noé. 
300 |a 58 
490 0 |a La tierra en que vivimos 
500 |a En soporte VHS, consultar en ventanilla. 
505 0 |a Vegetación, fauna y clima de la región africana delimitada por el Trópico de Capricornio. Parques Nacionales. 
538 |a Soporte: VHS - Norma: Pal N - Color - Grabación Drd 1992 - Hitachi=0000 
100 1 |a Nuño, Sergio 
082 9 1 |/ NUñ 
653 |a GEOGRAFIA 
653 |a ZOOLOGIA 
653 |a AFRICA 
653 |a AFRICA-GEOGRAFIA 
653 |a PARQUES NACIONALES 
653 |a AFRICA-PARQUES NACIONALES 
653 |a NIVEL PRIMARIO 
653 |a NIVEL SECUNDARIO 
859 |a CEMS  |b BIB. CEMS - Depto. Recursos Didacticos  |h 910  |i NUñ  |k DRD  |p 75.12  |t Ej.1